[Event "Sosnivka Christmas op"]
[Site "Sosnivka"]
[Date "2023.01.15"]
[Round "6"]
[White "Katsan, Danylo"]
[Black "Tymchyshyn, Volodymyr"]
[Result "1/2-1/2"]
[WhiteElo "1447"]
[BlackElo "1267"]
[PlyCount "78"]
[EventDate "2023.01.13"]
[EventType "swiss"]
[EventRounds "9"]
[EventCountry "UKR"]
[SourceTitle "EXT 2024"]
[Source "ChessBase"]
[SourceDate "2023.10.10"]
[SourceVersion "1"]
[SourceVersionDate "2023.10.10"]
[SourceQuality "1"]

1. Nf3 c5 2. e4 d6 3. c3 Nf6 4. d3 Nc6 5. g3 Bg4 6. Bg2 e6 7. Qc2 Bxf3 8. Bxf3 Be7 9. 0-0 0-0 10. Bg2 d5 11. Nd2 Qc7 12. a4 Rad8 13. Rd1 Rfe8 14. Kh1 h6 15. Nf1 dxe4 16. dxe4 Rxd1 17. Qxd1 Rd8 18. Qe2 Na5 19. Be3 Nb3 20. Rd1 Rxd1 21. Qxd1 c4 22. Nd2 Nc5 23. Nxc4 Ncxe4 24. Qd3 Nc5 25. Qc2 b6 26. Na3 Qd7 27. Bxc5 Bxc5 28. b4 Be7 29. Nb5 a6 30. Nd4 Nd5 31. Bxd5 Qxd5+ 32. Kg1 Bxb4 33. Nxe6 Qxe6 34. cxb4 Qe1+ 35. Kg2 Qxb4 36. Qc8+ Kh7 37. Qxa6 Qe4+ 38. Kg1 Qe1+ 39. Kg2 Qe4+ 1/2-1/2

[Event "Lvov Buturina Memorial 2nd"]
[Site "Lvov"]
[Date "2022.11.18"]
[Round "2"]
[White "Tymchyshyn, Volodymyr"]
[Black "Lymar, Vladislav"]
[Result "0-1"]
[WhiteElo "1267"]
[BlackElo "2066"]
[PlyCount "126"]
[EventDate "2022.11.18"]
[EventType "swiss (rapid)"]
[EventRounds "9"]
[EventCountry "UKR"]
[SourceTitle "CBM 212 Extra"]
[Source "ChessBase"]
[SourceDate "2023.03.31"]
[SourceVersion "1"]
[SourceVersionDate "2023.03.31"]
[SourceQuality "1"]

1. e4 c5 2. Nf3 Nc6 3. d4 cxd4 4. Nxd4 Nf6 5. Nc3 e5 6. Ndb5 Bc5 7. Nd6+ Ke7 8. Nxc8+ Rxc8 9. Bg5 Bb4 10. Qd2 Bxc3 11. bxc3 Qc7 12. Rd1 h6 13. Bxf6+ gxf6 14. Bb5 d6 15. 0-0 Nd8 16. Rfe1 Ne6 17. Re3 Rcd8 18. Ba4 Rhg8 19. Bb3 Nf4 20. g3 h5 21. Kh1 Ne6 22. Rf3 Rg6 23. Rf5 h4 24. gxh4 Nf4 25. h5 Rg5 26. Rxg5 fxg5 27. Qe3 b6 28. Qg3 f6 29. h4 Rh8 30. Rd2 Rxh5 31. c4 Qc6 32. f3 Rxh4+ 33. Rh2 Ng6 34. Rxh4 Nxh4 35. Qg4 Qd7 36. Qg3 Qc8 37. Kh2 Qc5 38. Kh3 Qe3 39. Kg4 Qf4+ 40. Qxf4 exf4 41. c3 Ng6 42. Kh3 Ne5 43. Kg2 Kd7 44. c5 dxc5 45. Bd5 c4 46. a4 Kd6 47. Bb7 Kc5 48. Ba6 Nf7 49. Kh3 Ne5 50. Kg2 Kc6 51. Kf2 Nd3+ 52. Kg2 Nb2 53. Kh3 Kd6 54. Bb5 a6 55. Bxa6 Nxa4 56. Bxc4 Nxc3 57. Kg4 Ke5 58. Bf7 b5 59. Bb3 b4 60. Bc4 Nb1 61. Ba2 Nd2 62. Bd5 b3 63. Bxb3 Nxb3 0-1

[Event "Kiev-Lvov Region Blitz"]
[Site "Kiev"]
[Date "2021.09.15"]
[Round "8"]
[White "Nezhyvenko, Mykhaylo"]
[Black "Tymchyshyn, Volodymyr"]
[Result "1-0"]
[WhiteElo "1282"]
[BlackElo "1267"]
[PlyCount "149"]
[EventDate "2021.09.15"]
[EventType "team-match (blitz)"]
[EventRounds "8"]
[EventCountry "UKR"]
[SourceTitle "CBM 204 Extra"]
[Source "ChessBase"]
[SourceDate "2021.11.30"]
[SourceVersion "1"]
[SourceVersionDate "2021.11.30"]
[SourceQuality "1"]
[WhiteTeam "Kiev Region"]
[BlackTeam "Lvov Region"]
[WhiteTeamCountry "UKR"]
[BlackTeamCountry "UKR"]

1. d4 Nf6 2. Nc3 d5 3. Bf4 e6 4. e3 a6 5. g4 Bb4 6. f3 Be7 7. h4 Nfd7 8. Bg3 c5 9. Qd2 Nc6 10. 0-0-0 b5 11. Qh2 Bb7 12. dxc5 Bxc5 13. Bf2 Qb6 14. Qf4 a5 15. Bxb5 Bb4 16. Nge2 Bxc3 17. Nxc3 Rc8 18. Rd2 Qc7 19. Qxc7 Rxc7 20. Bg3 Rc8 21. Rhd1 0-0 22. e4 Nb6 23. exd5 exd5 24. Bf2 Nc4 25. Rxd5 Nb6 26. Bxb6 Nb4 27. R5d4 Bxf3 28. Rf1 Bb7 29. a3 Nc6 30. Bxc6 Rxc6 31. Bxa5 f6 32. Bb4 Re8 33. Rd7 Bc8 34. Re7 Rxe7 35. Bxe7 Re6 36. Bc5 Rc6 37. Be3 Bxg4 38. Rg1 Bf5 39. Bd4 Kf7 40. b4 Rc4 41. Rd1 Ke6 42. Kb2 g5 43. hxg5 fxg5 44. Kb3 Rc8 45. Re1+ Kf7 46. Re5 Kg6 47. Rc5 Rd8 48. Be3 Rd6 49. b5 h5 50. Rc6 Rxc6 51. bxc6 h4 52. Ne2 g4 53. Bf4 g3 54. Nxg3 hxg3 55. Bxg3 Bc8 56. Kb4 Kf6 57. Kb5 Ke7 58. Kb6 Kd8 59. Bh4+ Ke8 60. a4 Be6 61. a5 Bc8 62. a6 Bxa6 63. Kxa6 Kf7 64. c7 Kg6 65. c8Q Kf7 66. Qd7+ Kg6 67. Qe6+ Kh5 68. Qf5+ Kxh4 69. c4 Kg3 70. c5 Kg2 71. c6 Kg3 72. c7 Kg2 73. c8Q Kg3 74. Qg8+ Kh4 75. Qfh7# 1-0

[Event "Kiev-Lvov Region Blitz"]
[Site "Kiev"]
[Date "2021.09.15"]
[Round "5"]
[White "Tymchyshyn, Volodymyr"]
[Black "Nezhyvenko, Mykhaylo"]
[Result "0-1"]
[WhiteElo "1267"]
[BlackElo "1282"]
[PlyCount "128"]
[EventDate "2021.09.15"]
[EventType "team-match (blitz)"]
[EventRounds "8"]
[EventCountry "UKR"]
[SourceTitle "CBM 204 Extra"]
[Source "ChessBase"]
[SourceDate "2021.11.30"]
[SourceVersion "1"]
[SourceVersionDate "2021.11.30"]
[SourceQuality "1"]
[WhiteTeam "Lvov Region"]
[BlackTeam "Kiev Region"]
[WhiteTeamCountry "UKR"]
[BlackTeamCountry "UKR"]

1. e4 c6 2. d4 d5 3. e5 c5 4. c3 Nc6 5. Nf3 cxd4 6. cxd4 Bg4 7. Be3 Qb6 8. Qd2 e6 9. a3 Na5 10. Qc3 Nb3 11. Ra2 Ne7 12. Nbd2 Nxd2 13. Qxd2 a5 14. Be2 Nc6 15. Ra1 Be7 16. Rc1 f6 17. exf6 Bxf6 18. Rd1 0-0 19. 0-0 a4 20. Rfe1 Na5 21. Ne5 Bxe2 22. Rxe2 Qd8 23. Qd3 Nc6 24. Nxc6 bxc6 25. Bd2 Qb6 26. Rxe6 Bxd4 27. Be3 Bxe3 28. Qxe3 Qxe3 29. Rxe3 Rab8 30. Re2 Rb3 31. Rc2 Rfb8 32. Rxc6 Rxb2 33. h3 Rd8 34. Rc5 d4 35. Ra5 d3 36. Rxa4 Rc2 37. Kf1 Re8 38. Rd4 Ree2 39. R4xd3 Rxf2+ 40. Kg1 Rxg2+ 41. Kh1 Rh2+ 42. Kg1 Rcg2+ 43. Kf1 Ra2 44. Kg1 h6 45. Rd8+ Kh7 46. R8d3 h5 47. Rg3 h4 48. Rgd3 Rhg2+ 49. Kh1 Rh2+ 50. Kg1 Kh6 51. Rf3 Kh5 52. Rd5+ g5 53. Rff5 Rag2+ 54. Kf1 Rg3 55. a4 Rhxh3 56. a5 Rh1+ 57. Kf2 Ra1 58. Rf6 Ra2+ 59. Kf1 h3 60. a6 h2 61. Ke1 h1Q+ 62. Rf1 Qe4+ 63. Kd1 Qe2+ 64. Kc1 Qc2# 0-1

[Event "Kiev-Lvov Region Blitz"]
[Site "Kiev"]
[Date "2021.09.15"]
[Round "6"]
[White "Tymchyshyn, Volodymyr"]
[Black "Nezhyvenko, Mykhaylo"]
[Result "1/2-1/2"]
[WhiteElo "1267"]
[BlackElo "1282"]
[PlyCount "68"]
[EventDate "2021.09.15"]
[EventType "team-match (blitz)"]
[EventRounds "8"]
[EventCountry "UKR"]
[SourceTitle "CBM 204 Extra"]
[Source "ChessBase"]
[SourceDate "2021.11.30"]
[SourceVersion "1"]
[SourceVersionDate "2021.11.30"]
[SourceQuality "1"]
[WhiteTeam "Lvov Region"]
[BlackTeam "Kiev Region"]
[WhiteTeamCountry "UKR"]
[BlackTeamCountry "UKR"]

1. d4 Nf6 2. Nc3 e6 3. e4 d5 4. e5 Nfd7 5. Nce2 c5 6. c3 Nc6 7. f4 Be7 8. Nf3 Nb6 9. b3 cxd4 10. cxd4 Bd7 11. Be3 Rc8 12. Rc1 Nb4 13. a3 Rxc1 14. Nxc1 Nc6 15. b4 Nc4 16. Bxc4 dxc4 17. Nd2 b5 18. Ne4 a5 19. bxa5 Qxa5+ 20. Qd2 Qxa3 21. 0-0 b4 22. Ne2 0-0 23. Rc1 c3 24. Qd3 Qa4 25. Nc5 Bxc5 26. dxc5 Bc8 27. Nd4 Nxd4 28. Qxd4 Qa3 29. c6 Ba6 30. c7 Qa5 31. Qc5 Qxc5 32. Bxc5 Rc8 33. Bxb4 Rxc7 34. Rxc3 Rxc3 1/2-1/2